[Event "Polish Extraleague"]
[Site "Lubniewice"]
[Date "2003.09.03"]
[Round "5"]
[White "Toczek, Grzegorz"]
[Black "Zeberski, Jakub"]
[Result "0-1"]
[WhiteElo "2325"]
[BlackElo "2319"]
[PlyCount "108"]
[EventDate "2003.08.30"]
[Source "Roberto Alvarez"]
[SourceDate "2003.09.15"]

1. d4 d5 2. c4 e6 3. Nc3 Nf6 4. Bg5 Be7 5. e3 O-O 6. Nf3 h6 7. Bxf6 Bxf6 8. cxd5 exd5 9. Bd3 c5 10. dxc5 Bxc3+ 11. bxc3 Qa5 12. O-O Qxc5 13. Qc2 Be6 14. Rab1 Qc7 15. Nd4 Nc6 16. Nxe6 fxe6 17. c4 Rad8 18. cxd5 exd5 19. Rfc1 d4 20. e4 Kh8 21. Rb5 Qf4 22. g3 Qf3 23. Rd1 Rde8 24. Rxb7 Ne5 25. Bf1 d3 26. Bxd3 Rc8 27. Qe2 Nxd3 28. Qxf3 Rxf3 29. Rxa7 Nxf2 30. Rdd7 Nh3+ 31. Kg2 Ng5 32. Rd2 Re3 33. a4 Rxe4 34. h4 Ne6 35. a5 Rec4 36. Re7 R4c6 37. Re2 Nd4 38. R2e4 Nb3 39. Rg4 Rg8 40. Ra7 Rc2+ 41. Kh3 Ra2 42. a6 Kh7 43. Rc4 Ra5 44. Rc6 Nd4 45. Rb6 Rc8 46. Rd7 Nf5 47. h5 Rc3 48. Rg6 Ne7 49. Rdd6 Rxh5+ 50. Kg4 Ra5 51. Rge6 Ra4+ 52. Kh3 Nf5 53. Rd7 Rxg3+ 54. Kh2 Rh4# 0-1

[Event "ARG Ch sf"]
[Site "San Martin City ARG"]
[Date "1987.??.??"]
[Round "4"]
[White "Darcyl, Tomas"]
[Black "Abramson, Horacio"]
[Result "1-0"]
[WhiteElo "2395"]
[BlackElo "2240"]
[PlyCount "53"]
[EventDate "1987.??.??"]
[Source "www.chesslib.no"]
[SourceDate "2004.05.04"]

1. d4 d5 2. c4 e6 3. Nc3 Nf6 4. Bg5 Be7 5. e3 O-O 6. Nf3 h6 7. Bxf6 Bxf6 8. Rc1 c6 9. Bd3 dxc4 10. Bxc4 Nd7 11. O-O e5 12. h3 exd4 13. exd4 Nb6 14. Bb3 Bf5 15. Re1 Qd6 16. Ne5 Bxe5 17. Rxe5 Bg6 18. Qg4 Kh7 19. Ne4 Qb4 20. Nc5 a5 21. Rc3 Rfd8 22. Ne6 Rg8 23. Rg3 Qd2 24. Ng5+ hxg5 25. Rxg5 Kh8 26. Bxf7 Bh7 27. Bxg8 1-0

[Event "Budapest FS04 IM-A"]
[Site "Budapest"]
[Date "2000.04.12"]
[Round "12"]
[White "Eperjesi, Laszlo"]
[Black "Dembo, Yelena"]
[Result "1/2-1/2"]
[WhiteElo "2365"]
[BlackElo "2269"]
[PlyCount "35"]
[EventDate "2000.04.01"]
[Source "ChessBase"]
[SourceDate "2000.05.11"]

1. d4 d5 2. c4 e6 3. Nc3 Nf6 4. Bg5 Be7 5. e3 O-O 6. Nf3 h6 7. Bxf6 Bxf6 8. cxd5 exd5 9. Bd3 Bg4 10. h3 Bxf3 11. Qxf3 c6 12. O-O Nd7 13. Qf5 g6 14. Qf4 Bg7 15. Rac1 a5 16. b3 Qb8 17. Qxb8 Raxb8 18. a4 1/2-1/2

[Event "CZE-ch"]
[Site "Opava"]
[Date "2000.05.25"]
[Round "4"]
[White "Firt, Stanislav"]
[Black "Belunek, Vladimir"]
[Result "1/2-1/2"]
[WhiteElo "2350"]
[BlackElo "2272"]
[PlyCount "57"]
[EventDate "2000.05.22"]
[Source "ChessBase"]
[SourceDate "2000.07.11"]

1. d4 d5 2. c4 e6 3. Nc3 Nf6 4. Bg5 Be7 5. e3 O-O 6. Nf3 h6 7. Bxf6 Bxf6 8. Rc1 c6 9. Bd3 Nd7 10. O-O dxc4 11. Bxc4 e5 12. h3 exd4 13. exd4 Nb6 14. Bb3 Bf5 15. Re1 Re8 16. Rxe8+ Qxe8 17. Qd2 Qd7 18. Re1 a5 19. a4 Re8 20. Rxe8+ Qxe8 21. Qf4 Be6 22. Bxe6 Qxe6 23. Qc7 Nc4 24. Qxb7 Bxd4 25. Nxd4 Qe1+ 26. Kh2 Qe5+ 27. g3 Qxd4 28. Qc8+ Kh7 29. Qf5+ 1/2-1/2

[Event "Budapest FS11 IM-A"]
[Site "Budapest HUN"]
[Date "1993.??.??"]
[Round "10"]
[White "Pasztor, Ferenc"]
[Black "Vujosevic, Vladimir"]
[Result "0-1"]
[WhiteElo "2240"]
[BlackElo "2355"]
[PlyCount "66"]
[EventDate "1993.11.??"]
[Source "www.chesslib.no"]
[SourceDate "2004.05.04"]

1. d4 d5 2. c4 e6 3. Nc3 Nf6 4. Bg5 Be7 5. e3 O-O 6. Nf3 h6 7. Bxf6 Bxf6 8. Qb3 c6 9. h4 g6 10. h5 g5 11. Ne5 Nd7 12. f4 gxf4 13. exf4 Bh4+ 14. Ke2 Nxe5 15. dxe5 Be7 16. Rh3 Kh8 17. Rd1 f6 18. Qc2 fxe5 19. fxe5 Rf5 20. Rdd3 Rxe5+ 21. Kd1 Qg8 22. Ne2 Re4 23. Rhg3 Bg5 24. Rd4 Qf7 25. Rf3 Rxd4+ 26. Nxd4 Qg7 27. Qf2 Kg8 28. Bd3 Bd7 29. Bg6 c5 30. Nb3 Ba4 31. Qxc5 Qxb2 32. Qc7 Bxb3+ 33. axb3 Qd2# 0-1

[Event "Oberwart Open"]
[Site "Oberwart AUT"]
[Date "1995.??.??"]
[Round "6"]
[White "Roeder, Mathias"]
[Black "Kuba, Guenter"]
[Result "1-0"]
[WhiteElo "2440"]
[BlackElo "2150"]
[PlyCount "55"]
[EventDate "1995.07.??"]
[Source "www.chesslib.no"]
[SourceDate "2004.05.04"]

1. d4 d5 2. c4 e6 3. Nc3 Nf6 4. Bg5 Be7 5. e3 O-O 6. Nf3 h6 7. Bxf6 Bxf6 8. Qd2 b6 9. O-O-O Bb7 10. cxd5 exd5 11. g4 g6 12. h4 Bg7 13. g5 h5 14. Ne5 Nd7 15. f4 Nxe5 16. fxe5 c5 17. Bg2 Qe7 18. Bxd5 Bxd5 19. Nxd5 Qe6 20. Nc3 Rfd8 21. Qe2 b5 22. Kb1 Rab8 23. Ne4 c4 24. Rhf1 a5 25. Rf4 b4 26. Nc5 Qe7 27. Qxc4 Bxe5 28. Re4 1-0

[Event "Pula op"]
[Site "Pula"]
[Date "1996.??.??"]
[Round "?"]
[White "Lazovic, Gordan"]
[Black "Radosavljevic, Petar"]
[Result "1-0"]
[WhiteElo "2325"]
[BlackElo "2195"]
[PlyCount "51"]
[EventDate "1996.05.??"]
[Source "www.chesslib.no"]
[SourceDate "2004.05.04"]

1. d4 d5 2. c4 e6 3. Nc3 Nf6 4. Bg5 Be7 5. e3 O-O 6. Nf3 h6 7. Bxf6 Bxf6 8. Qd2 b6 9. cxd5 exd5 10. Be2 Be6 11. b4 c5 12. bxc5 bxc5 13. dxc5 Qa5 14. Rc1 Rc8 15. Nb5 Qxd2+ 16. Nxd2 Be7 17. Nb3 a5 18. O-O Nd7 19. c6 Ne5 20. N3d4 a4 21. f4 Ng4 22. Nxe6 Nxe3 23. Nec7 Ra5 24. Rf3 d4 25. Rxe3 dxe3 26. Nd5 1-0

[Event "Ron Banwell Masters, London ENG"]
[Site "?"]
[Date "2001.??.??"]
[Round "8"]
[White "Ravi, L."]
[Black "Fox, An"]
[Result "1-0"]
[WhiteElo "2385"]
[BlackElo "2110"]
[PlyCount "107"]
[EventDate "2001.??.??"]
[Source "www.chesslib.no"]
[SourceDate "2004.05.04"]

1. d4 d5 2. c4 e6 3. Nc3 Nf6 4. Bg5 Be7 5. e3 O-O 6. Nf3 h6 7. Bxf6 Bxf6 8. Rc1 c6 9. Bd3 Nd7 10. O-O dxc4 11. Bxc4 e5 12. h3 exd4 13. exd4 Nb6 14. Bb3 Bf5 15. Re1 Qd7 16. Ne4 Bxe4 17. Rxe4 Rfe8 18. Ne5 Bxe5 19. dxe5 Qxd1+ 20. Rxd1 Rad8 21. Rxd8 Rxd8 22. Rf4 Nd5 23. Rd4 Kf8 24. f4 Rd7 25. Kf2 Nb6 26. Ke3 Ke7 27. h4 g6 28. g3 Rxd4 29. Kxd4 Nd7 30. g4 Nb6 31. a3 Nd7 32. Ba2 Nb6 33. b4 Nd7 34. Bb1 Nb6 35. Be4 a6 36. Bf3 Na4 37. Bd1 Nb6 38. Bb3 Nd7 39. Ba2 Nb6 40. Kd3 Nd7 41. Ke4 Nb6 42. f5 gxf5+ 43. Kxf5 Na4 44. g5 hxg5 45. Kxg5 Nc3 46. Bb3 c5 47. h5 cxb4 48. axb4 Kf8 49. h6 b6 50. e6 fxe6 51. Bxe6 a5 52. Kg6 Ne2 53. h7 Nf4+ 54. Kh6 1-0

[Event "Hagenbach Pfalz-ch"]
[Site "Hagenbach"]
[Date "1998.??.??"]
[Round "?"]
[White "Ortinau, Helmut"]
[Black "Flierl, Pascal"]
[Result "1/2-1/2"]
[WhiteElo "2220"]
[BlackElo "2230"]
[PlyCount "46"]
[EventDate "1998.??.??"]
[Source "www.chesslib.no"]
[SourceDate "2004.05.04"]

1. d4 d5 2. c4 e6 3. Nc3 Nf6 4. Bg5 Be7 5. e3 O-O 6. Nf3 h6 7. Bxf6 Bxf6 8. Rc1 c6 9. Bd3 Nd7 10. O-O dxc4 11. Bxc4 e5 12. Ne4 exd4 13. Nxf6+ Qxf6 14. Qxd4 Qxd4 15. Nxd4 Ne5 16. Bb3 Bd7 17. Rfd1 Rae8 18. h3 Bc8 19. Rd2 g6 20. Rcd1 Re7 21. Ne2 Nd7 22. Nf4 Kg7 23. Rd6 Nf6 1/2-1/2

[Event "SVK-ch"]
[Site "Piestany"]
[Date "1985.??.??"]
[Round "13"]
[White "Ac, Michal"]
[Black "Matejov, Jaroslav"]
[Result "1/2-1/2"]
[WhiteElo "2200"]
[BlackElo "2200"]
[PlyCount "21"]
[EventDate "1985.??.??"]
[Source "ChessBase"]

1. d4 d5 2. c4 e6 3. Nc3 Nf6 4. Bg5 Be7 5. e3 O-O 6. Nf3 h6 7. Bxf6 Bxf6 8. cxd5 exd5 9. Bd3 c6 10. O-O Nd7 11. b4 1/2-1/2

[Event "Costa Rica Ch"]
[Site "CRA"]
[Date "1996.??.??"]
[Round "10"]
[White "Rodriguez, Adrian"]
[Black "Minero, Carlos"]
[Result "0-1"]
[WhiteElo "2190"]
[BlackElo "2195"]
[PlyCount "80"]
[EventDate "1996.??.??"]
[Source "www.chesslib.no"]
[SourceDate "2004.05.04"]

1. d4 d5 2. c4 e6 3. Nc3 Nf6 4. Bg5 Be7 5. e3 O-O 6. Nf3 h6 7. Bf4 a6 8. Qc2 dxc4 9. Bxc4 b5 10. Bd3 Nbd7 11. O-O c5 12. Qe2 Qb6 13. Rad1 Bb7 14. e4 cxd4 15. Nxd4 Qxd4 16. Bxb5 Qxd1 17. Rxd1 axb5 18. Qxb5 Ba6 19. Qb3 Nc5 20. Qc2 Rfd8 21. Rxd8+ Rxd8 22. f3 Nfd7 23. a3 Nd3 24. Be3 N7e5 25. Qa4 Nc5 26. Qa5 Rc8 27. Qb4 Ned3 28. Qb6 Bd8 29. Qd6 Bc7 30. Qe7 Nb7 31. g3 Ne5 32. Kg2 Bd6 33. Qh4 Bxa3 34. Bd4 Bxb2 35. Bxe5 Bxc3 36. Bxc3 Rxc3 37. Qe7 Rc2+ 38. Kg1 Rc1+ 39. Kf2 Rc2+ 40. Ke3 Rc3+ 0-1

[Event "06sen.ESMM Europa"]
[Site "?"]
[Date "2004.02.??"]
[Round "3"]
[White "Opl Klaus"]
[Black "Edwards Raymond"]
[Result "1/2-1/2"]
[WhiteElo "2280"]
[BlackElo "2101"]
[PlyCount "111"]
[EventDate "2004.??.??"]
[Source "www.chesslib.no"]
[SourceDate "2004.05.04"]

1. d4 d5 2. c4 e6 3. Nc3 Nf6 4. Bg5 Be7 5. e3 O-O 6. Nf3 h6 7. Bxf6 Bxf6 8. Bd3 dxc4 9. Bxc4 Nd7 10. O-O a6 11. Qe2 b5 12. Bb3 Bb7 13. Rfd1 c5 14. d5 c4 15. Bc2 exd5 16. Nxd5 Bxd5 17. Rxd5 Qe7 18. Rad1 Rad8 19. Nd4 Bxd4 20. R5xd4 Nf6 21. Qd2 Rxd4 22. Qxd4 Re8 23. h3 Kf8 24. a3 Qe5 25. Qxe5 Rxe5 26. Kf1 Ke7 27. Ke2 a5 28. Rc1 Kd6 29. f4 Re7 30. Kf3 Kc5 31. e4 Rd7 32. e5 Nd5 33. Bf5 Ra7 34. Bd3 Nb6 35. Be2 Rd7 36. Ke3 b4 37. axb4+ axb4 38. Ra1 Rc7 39. Ra5+ Kc6 40. Bf3+ Kd7 41. Ra1 c3 42. Rd1+ Ke7 43. bxc3 Rxc3+ 44. Rd3 Ra3 45. Be4 Nd7 46. Kd4 f6 47. exf6+ Nxf6 48. Bf5 Nh5 49. Kc4 Rxd3 50. Bxd3 Nxf4 51. Be4 Kf6 52. Kxb4 Kg5 53. Kc5 Kh4 54. Kd6 Kg3 55. Ke7 g5 56. Kf6 1/2-1/2

[Event "Germany"]
[Site "?"]
[Date "1996.??.??"]
[Round "?"]
[White "Fichtner Kathrin"]
[Black "Wagner Michel Annett"]
[Result "1-0"]
[WhiteElo "2140"]
[BlackElo "2170"]
[PlyCount "67"]
[EventDate "1996.??.??"]
[Source "www.chesslib.no"]
[SourceDate "2004.05.04"]

1. d4 d5 2. c4 e6 3. Nc3 Nf6 4. Bg5 Be7 5. e3 O-O 6. Nf3 h6 7. Bxf6 Bxf6 8. Bd3 b6 9. cxd5 exd5 10. O-O Be6 11. Rc1 c5 12. h3 Nc6 13. Ne2 Qd6 14. Bb1 Rfc8 15. Nf4 Nxd4 16. Nxd4 cxd4 17. Rxc8+ Rxc8 18. Nxe6 Qxe6 19. exd4 Rc4 20. Re1 Rxd4 21. Qc1 Rc4 22. Qd2 Rd4 23. Rxe6 fxe6 24. Qe2 e5 25. b3 Kf7 26. Bf5 g6 27. Bd3 e4 28. Bb5 h5 29. Qc2 Be5 30. g3 h4 31. gxh4 Bf4 32. Qc8 e3 33. Qe8+ Kf6 34. Qh8+ 1-0

[Event "Malaga-ch Preferente"]
[Site "Malaga"]
[Date "2002.01.19"]
[Round "4.4"]
[White "Garcia Munoz, Juan Jose"]
[Black "Medina Menendez, Eduardo"]
[Result "1/2-1/2"]
[WhiteElo "2241"]
[BlackElo "2056"]
[PlyCount "32"]
[EventDate "2002.01.12"]
[Source "ChessBase"]
[SourceDate "2002.03.14"]

1. d4 d5 2. c4 e6 3. Nc3 Nf6 4. Bg5 Be7 5. e3 O-O 6. Nf3 h6 7. Bxf6 Bxf6 8. Qb3 c6 9. Be2 Nd7 10. cxd5 exd5 11. O-O Qb6 12. Qc2 Re8 13. Rac1 Qd8 14. h3 Nf8 15. b4 Be6 16. Bd3 Rc8 1/2-1/2

[Event "Augustow op-A"]
[Site "Augustow"]
[Date "1996.??.??"]
[Round "?"]
[White "Jakubowski, Krzysztof"]
[Black "Kujawa, Jacek"]
[Result "1/2-1/2"]
[WhiteElo "2120"]
[BlackElo "2160"]
[PlyCount "62"]
[EventDate "1996.??.??"]
[Source "www.chesslib.no"]
[SourceDate "2004.05.04"]

1. d4 d5 2. c4 e6 3. Nc3 Nf6 4. Bg5 Be7 5. e3 O-O 6. Nf3 h6 7. Bxf6 Bxf6 8. cxd5 exd5 9. Bd3 Be6 10. O-O Nd7 11. Rc1 c6 12. Qc2 Re8 13. b4 Qe7 14. Na4 Rab8 15. Nc5 Rec8 16. Rfe1 Bg4 17. Nxd7 Bxd7 18. a3 a5 19. Qb3 axb4 20. axb4 Qd6 21. Ra1 Re8 22. Ra5 b6 23. Raa1 Ra8 24. Rac1 Bg4 25. Be2 Rac8 26. h3 Be6 27. Bd3 Be7 28. Rb1 c5 29. bxc5 bxc5 30. dxc5 Qxc5 31. Nd4 Bd7 1/2-1/2

[Event "Corr"]
[Site "?"]
[Date "2000.02.15"]
[Round "?"]
[White "Machycek Lubomir (CZE)"]
[Black "Mansilla Raul Oscar (ARG)"]
[Result "1/2-1/2"]
[WhiteElo "2120"]
[BlackElo "2131"]
[PlyCount "48"]
[EventDate "2000.??.??"]
[Source "www.chesslib.no"]
[SourceDate "2004.05.04"]

1. d4 d5 2. c4 e6 3. Nc3 Nf6 4. Bg5 Be7 5. e3 O-O 6. Nf3 h6 7. Bxf6 Bxf6 8. Rc1 c6 9. Bd3 Nd7 10. O-O b6 11. cxd5 cxd5 12. e4 dxe4 13. Bxe4 Rb8 14. Nb5 Bb7 15. Bxb7 Rxb7 16. Qa4 e5 17. Rfd1 exd4 18. Nbxd4 Nc5 19. Qc2 Rd7 20. b4 Bxd4 21. Nxd4 Rxd4 22. Rxd4 Qxd4 23. bxc5 bxc5 24. Qxc5 Qd2 1/2-1/2

[Event "AUS Ch"]
[Site "?"]
[Date "1979.12.27"]
[Round "1.4"]
[White "Booth Stewart"]
[Black "Shaw Terrey Ian"]
[Result "1-0"]
[WhiteElo "2055"]
[BlackElo "2175"]
[PlyCount "131"]
[EventDate "1979.??.??"]
[Source "www.chesslib.no"]
[SourceDate "2004.05.04"]

1. d4 d5 2. c4 e6 3. Nc3 Nf6 4. Bg5 Be7 5. e3 O-O 6. Nf3 h6 7. Bxf6 Bxf6 8. cxd5 exd5 9. Qc2 Nc6 10. a3 Ne7 11. Bd3 g6 12. O-O Bf5 13. Bxf5 Nxf5 14. Qb3 Ne7 15. Qxb7 a5 16. Qb3 Qd6 17. Na4 Rfb8 18. Qc2 Nc8 19. Ne1 Nb6 20. Nxb6 Rxb6 21. Nd3 a4 22. Rfc1 Ra7 23. Rab1 Be7 24. g3 h5 25. h4 Qe6 26. Qd1 Qf5 27. Rc3 Bd6 28. Kg2 Qe4+ 29. Qf3 Qe6 30. Rbc1 Rab7 31. Rc6 Qe4 32. Qxe4 dxe4 33. Rxb6 Rxb6 34. Nc5 Rxb2 35. Rc4 f5 36. Rxa4 Bxc5 37. dxc5 Rc2 38. Ra6 Rxc5 39. Rxg6+ Kh7 40. Rg5 Kh6 41. g4 hxg4 42. Kg3 Rd5 43. Kf4 Rd2 44. Rxf5 Rxf2+ 45. Kxg4 Rc2 46. a4 Rg2+ 47. Kf4 Ra2 48. a5 Ra4 49. Rc5 Kg6 50. h5+ Kh6 51. Re5 c6 52. Kg4 Kh7 53. Kg5 Ra1 54. Re7+ Kg8 55. h6 Rxa5+ 56. Kg6 Ra8 57. Rc7 c5 58. Rxc5 Ra6+ 59. Kg5 Kh7 60. Rc7+ Kg8 61. Re7 Ra4 62. Kf5 Ra1 63. Re6 Ra5+ 64. Kxe4 Rh5 65. Rf6 Kh7 66. Kd4 1-0

[Event "Dreifluesse op 8th"]
[Site "Passau"]
[Date "2000.04.22"]
[Round "4"]
[White "Germann, Heike"]
[Black "Gypser, Andreas"]
[Result "0-1"]
[WhiteElo "2031"]
[BlackElo "2175"]
[PlyCount "60"]
[EventDate "2000.04.21"]
[Source "ChessBase"]
[SourceDate "2000.07.11"]

1. d4 d5 2. c4 e6 3. Nc3 Nf6 4. Bg5 Be7 5. e3 O-O 6. Nf3 h6 7. Bxf6 Bxf6 8. Qc2 c5 9. O-O-O Nc6 10. h4 cxd4 11. exd4 g6 12. g4 Bg7 13. g5 h5 14. cxd5 Nb4 15. Qb3 Nxd5 16. Nxd5 exd5 17. Ne5 Bxe5 18. dxe5 Qc7+ 19. Qc3 Qb6 20. Qd4 Bg4 21. Rd3 Rac8+ 22. Kd2 Qa5+ 23. Rc3 Rxc3 24. Qxc3 Qxa2 25. Bd3 Rc8 26. Qb4 d4 27. Qxd4 Qa5+ 28. Ke3 Rd8 29. Ra1 Qc7 30. Qc3 Qb6+ 0-1

[Event "ch-POL Boys U16, Zakopane POL"]
[Site "?"]
[Date "2001.??.??"]
[Round "5"]
[White "Szromba, K."]
[Black "Klimaszewski, D2."]
[Result "1-0"]
[WhiteElo "2030"]
[BlackElo "2165"]
[PlyCount "43"]
[EventDate "2001.??.??"]
[Source "www.chesslib.no"]
[SourceDate "2004.05.04"]

1. d4 d5 2. c4 e6 3. Nc3 Nf6 4. Bg5 Be7 5. e3 O-O 6. Nf3 h6 7. Bf4 Bd6 8. Bg3 b6 9. cxd5 exd5 10. Qc2 a6 11. Bd3 Bb7 12. Bh4 Be7 13. O-O-O Nbd7 14. Rdg1 c5 15. g4 Ne4 16. g5 cxd4 17. Nxd4 hxg5 18. Bxe4 dxe4 19. Nf5 gxh4 20. Rxg7+ Kh8 21. Qd1 Nf6 22. Qg1 1-0

[Event "Bayernliga 05/06 (LLS)"]
[Site "?"]
[Date "2005.12.11"]
[Round "4.4"]
[White "Stelter Felix"]
[Black "Binder Karlheinz"]
[Result "1-0"]
[WhiteElo "2143"]
[BlackElo "2038"]
[PlyCount "45"]
[EventDate "2005.??.??"]
[Source "www.chesslib.no"]
[SourceDate "2004.05.04"]

1. d4 d5 2. c4 e6 3. Nc3 Nf6 4. Bg5 Be7 5. e3 O-O 6. Nf3 h6 7. Bf4 b6 8. Rc1 c5 9. cxd5 exd5 10. Bd3 Be6 11. O-O c4 12. Bb1 a6 13. Qc2 b5 14. e4 dxe4 15. Nxe4 Nbd7 16. Ng3 Bd5 17. Ne5 Re8 18. Rfe1 Nf8 19. Nf5 Qc8 20. Re3 Be6 21. Nxh6+ gxh6 22. Rg3+ Kh8 23. Bxh6 1-0

[Event "Hastings Challengers"]
[Site "Hastings"]
[Date "1998.12.29"]
[Round "1"]
[White "Cafolla, Peter"]
[Black "Bourne, James"]
[Result "1-0"]
[WhiteElo "2110"]
[BlackElo "2065"]
[PlyCount "41"]
[EventDate "1998.12.??"]
[Source "www.chesslib.no"]
[SourceDate "2004.05.04"]

1. d4 d5 2. c4 e6 3. Nc3 Nf6 4. Bg5 Be7 5. e3 O-O 6. Nf3 h6 7. Bxf6 Bxf6 8. Qc2 b6 9. cxd5 exd5 10. Bd3 Bb7 11. O-O-O Nc6 12. a3 Na5 13. h4 c5 14. g4 c4 15. Bh7+ Kh8 16. g5 g6 17. h5 Bxg5 18. hxg6 fxg6 19. Ne5 Qf6 20. Nxg6+ Kg7 21. f4 1-0

[Event "IDS op-29 A"]
[Site "Dortmund"]
[Date "2001.07.18"]
[Round "7"]
[White "Goldenboog, Jurgen"]
[Black "Doettling, Gustav"]
[Result "1/2-1/2"]
[WhiteElo "2045"]
[BlackElo "2025"]
[PlyCount "97"]
[EventDate "2001.07.12"]
[Source "www.chesslib.no"]
[SourceDate "2004.05.04"]

1. d4 d5 2. c4 e6 3. Nc3 Nf6 4. Bg5 Be7 5. e3 O-O 6. Nf3 h6 7. Bxf6 Bxf6 8. Rc1 c6 9. cxd5 exd5 10. Bd3 Nd7 11. O-O Re8 12. b4 Nf8 13. b5 Bd7 14. Qb3 Rc8 15. Rc2 Bg4 16. bxc6 bxc6 17. Rfc1 Re7 18. Ba6 Rb8 19. Qa3 Rc7 20. Nb5 Be7 21. Qd3 g6 22. Nxc7 Bf5 23. Qc3 Bxc2 24. Qxc6 Be4 25. Ne5 Rb6 26. Qa4 Bd6 27. Ne8 Qg5 28. Bf1 Bxe5 29. dxe5 Qxe5 30. Qxa7 Rb1 31. Rxb1 Bxb1 32. Nc7 Qa1 33. Qa6 Qxa2 34. Qf6 Qa5 35. Ne8 Ne6 36. Qe5 Ba2 37. Nf6+ Kf8 38. Qd6+ Kg7 39. Ne8+ Kg8 40. Qe7 Qd8 41. Nf6+ Kg7 42. Qa3 Bc4 43. Ng4 f6 44. Qc3 Bxf1 45. Kxf1 h5 46. Qc6 Qe7 47. Nxf6 Qxf6 48. Qxd5 Kh6 49. f4 1/2-1/2

[Event "Bad Woerishofen op 17th"]
[Site "?"]
[Date "2001.??.??"]
[Round "4"]
[White "Sepp Lothar"]
[Black "Kroencke Manfred"]
[Result "1/2-1/2"]
[WhiteElo "1866"]
[BlackElo "2161"]
[PlyCount "41"]
[EventDate "2001.??.??"]
[Source "www.chesslib.no"]
[SourceDate "2004.05.04"]

1. d4 d5 2. c4 e6 3. Nc3 Nf6 4. Bg5 Be7 5. e3 O-O 6. Nf3 h6 7. Bxf6 Bxf6 8. cxd5 exd5 9. Qc2 c6 10. Be2 Be6 11. O-O Nd7 12. b4 Re8 13. Na4 Bg4 14. Rfc1 Qe7 15. Nc5 Nf8 16. a4 a6 17. Rab1 Rac8 18. Qd2 Rc7 19. b5 axb5 20. axb5 cxb5 21. Rxb5 1/2-1/2

[Event "SVK-ch"]
[Site "Prievidza"]
[Date "1998.07.01"]
[Round "5.39"]
[White "Rachela, Milan"]
[Black "Hornak, Klaudius"]
[Result "1-0"]
[WhiteElo "2075"]
[BlackElo "1939"]
[PlyCount "109"]
[EventDate "1998.06.27"]
[Source "www.chesslib.no"]
[SourceDate "2004.05.04"]

1. d4 d5 2. c4 e6 3. Nc3 Nf6 4. Bg5 Be7 5. e3 O-O 6. Nf3 h6 7. Bxf6 Bxf6 8. Bd3 Re8 9. O-O c6 10. Rc1 Nd7 11. e4 dxc4 12. Bxc4 e5 13. d5 Nb6 14. b3 Nxc4 15. bxc4 Be7 16. Rc2 Bg4 17. h3 Bxf3 18. Qxf3 a6 19. Rd1 Qc7 20. Rcd2 Rad8 21. Ne2 Bc5 22. Ng3 Rd6 23. Nf5 Rf6 24. d6 Qd7 25. Qg4 Rxf5 26. Qxf5 Re6 27. Rc2 g6 28. Qg4 h5 29. Qe2 Rxd6 30. Rxd6 Qxd6 31. Rd2 Bd4 32. Kh1 a5 33. Qd3 b6 34. f4 f6 35. fxe5 fxe5 36. Rd1 Qe7 37. Rf1 Kg7 38. Qf3 Bc5 39. g4 Qh4 40. gxh5 Qxh5 41. Qxh5 gxh5 42. Rf5 Bd4 43. Rxh5 b5 44. cxb5 cxb5 45. Rf5 b4 46. Rf1 a4 47. Rc1 b3 48. axb3 a3 49. Rc7+ Kg6 50. Rc6+ Kg5 51. Ra6 Bb2 52. b4 Kf4 53. b5 Bd4 54. b6 a2 55. b7 1-0

[Event "Malaga-ch Preferente"]
[Site "Malaga"]
[Date "2002.01.19"]
[Round "3.14"]
[White "Garzon Rodriguez, Jose Manuel"]
[Black "Garcia Ruiz, Angel"]
[Result "0-1"]
[WhiteElo "1918"]
[BlackElo "2021"]
[PlyCount "70"]
[EventDate "2002.01.12"]
[Source "ChessBase"]
[SourceDate "2002.03.14"]

1. d4 d5 2. c4 e6 3. Nc3 Nf6 4. Bg5 Be7 5. e3 O-O 6. Nf3 h6 7. Bxf6 Bxf6 8. cxd5 exd5 9. Bd3 b6 10. O-O Bb7 11. Rc1 a6 12. Bb1 Nd7 13. Qd3 g6 14. h4 Bxh4 15. g3 Bf6 16. Kg2 Re8 17. Rh1 Bg7 18. Ne2 Nf6 19. Nh4 Ne4 20. f3 Nf6 21. Rh2 Qe7 22. Kf2 c5 23. Nf4 c4 24. Qd2 b5 25. Rch1 a5 26. g4 b4 27. g5 hxg5 28. Nhxg6 fxg6 29. Bxg6 gxf4 30. exf4 Rec8 31. Qc2 c3 32. Qf5 cxb2 33. Bh7+ Kf8 34. Re1 Qxe1+ 35. Kxe1 Rc1+ 0-1

[Event "Corr"]
[Site "?"]
[Date "2000.03.12"]
[Round "?"]
[White "Lewis Matthew"]
[Black "Newman Nelson"]
[Result "0-1"]
[WhiteElo "1857"]
[BlackElo "2061"]
[PlyCount "34"]
[EventDate "2000.??.??"]
[Source "www.chesslib.no"]
[SourceDate "2004.05.04"]

1. d4 d5 2. c4 e6 3. Nc3 Nf6 4. Bg5 Be7 5. e3 O-O 6. Nf3 h6 7. Bxf6 Bxf6 8. Bd3 c6 9. O-O Nd7 10. Rc1 dxc4 11. Bxc4 e5 12. h3 exd4 13. exd4 Nb6 14. Bb3 Bf5 15. Re1 Qd6 16. Bc2 Qd7 17. Qd3 Bxd3 0-1

[Event "Cannes Martinez Open"]
[Site "Cannes FRA"]
[Date "1995.??.??"]
[Round "4"]
[White "Derieux, Christian"]
[Black "Chevallier, Cedric"]
[Result "0-1"]
[WhiteElo "2175"]
[BlackElo "1690"]
[PlyCount "56"]
[EventDate "1995.07.??"]
[Source "www.chesslib.no"]
[SourceDate "2004.05.04"]

1. d4 d5 2. c4 e6 3. Nc3 Nf6 4. Bg5 Be7 5. e3 O-O 6. Nf3 h6 7. Bxf6 Bxf6 8. Qc2 b6 9. O-O-O Bb7 10. cxd5 exd5 11. g4 g6 12. h4 Bg7 13. g5 h5 14. Ne5 Nd7 15. f4 Qe8 16. Bh3 Nxe5 17. fxe5 c5 18. Kb1 c4 19. Ne2 Rd8 20. Nf4 b5 21. e6 Rd6 22. Rhf1 a5 23. Nxg6 fxg6 24. Rxf8+ Bxf8 25. Rf1 Bc8 26. Rf7 Bxe6 27. Bxe6 Qxe6 28. Rf6 Qxf6 0-1

[Event "Plzen op-A"]
[Site "?"]
[Date "2001.??.??"]
[Round "3"]
[White "Palkova Hana"]
[Black "Rozmbersky Adolf"]
[Result "1/2-1/2"]
[WhiteElo "1965"]
[BlackElo "1890"]
[PlyCount "143"]
[EventDate "2001.??.??"]
[Source "www.chesslib.no"]
[SourceDate "2004.05.04"]

1. d4 d5 2. c4 e6 3. Nc3 Nf6 4. Bg5 Be7 5. e3 O-O 6. Nf3 h6 7. Bf4 b6 8. cxd5 Nxd5 9. Nxd5 exd5 10. Be2 Nd7 11. Rc1 Bb4+ 12. Nd2 Bd6 13. Bxd6 cxd6 14. O-O Nf6 15. Qb3 Bb7 16. Rc2 Rc8 17. Rfc1 Rxc2 18. Rxc2 Qb8 19. Rc3 Rc8 20. Qc2 Rxc3 21. Qxc3 Qc8 22. Qxc8+ Bxc8 23. Bb5 Kf8 24. Nb1 Ke7 25. Nc3 Bd7 26. Ba6 Bc6 27. f3 Ne8 28. Kf2 Nc7 29. Bd3 g5 30. Kg3 Bd7 31. h4 Kf6 32. Be2 Kg6 33. hxg5 hxg5 34. f4 f6 35. Bf3 Be6 36. fxg5 fxg5 37. Bg4 Bf5 38. Bf3 Be6 39. Bd1 Bd7 40. Bc2+ Bf5 41. Bb3 Be6 42. Kf3 Kf5 43. Bc2+ Kf6 44. Bb3 Ke7 45. e4 g4+ 46. Kf4 dxe4 47. Kxe4 Bxb3 48. axb3 Ne6 49. Nd5+ Kf7 50. Ne3 Kf6 51. Nxg4+ Kg5 52. Ne3 Nf4 53. d5 Nh5 54. Nc4 Nf6+ 55. Kd4 Ne8 56. Ne3 b5 57. Nc2 Kf4 58. Na3 a6 59. Nc2 Kg3 60. Nb4 Nc7 61. Ke4 Kxg2 62. Nc2 Kf2 63. Nd4 Ke1 64. Nf5 Ne8 65. Kd3 Kd1 66. Kc3 Kc1 67. b4 Nf6 68. Nxd6 Nxd5+ 69. Kb3 Nxb4 70. Kxb4 Kxb2 71. Nxb5 axb5 72. Kxb5 1/2-1/2